000 00980nas a2200325 4500
001 BR0403952
003 BR-BrBNA
005 20231205104745.0
007 ta
008 230509b bl.|||p| |||| 00| 00por d
040 _aBR-BrBNA
_bpor
_cBiblioteca Nacional de Agricultura
041 _a(Pt)
072 _aL72
100 1 _aMatos, E.
100 1 _aMatos, P.
100 1 _aCasal, G.
100 1 _aCorral, L.
100 1 _aAzevedo, C.
245 1 _aDados ultra-estruturais de esporos de microspóridios (Phylum microsporidia)da fauna ictiológica da região amazônica
650 _aPEIXE DE ÁGUA DOCE
650 _aESPORO
650 _aPARASITO DE ANIMAL
650 _aMICROBIOLOGIA
650 _aMICROSCOPIA ELETRÔNICA
650 _aBIOLOGIA
650 _aAMAZÔNAS
773 0 _tRevista de Ciências Agrárias (Brazil)
_xISSN 1517-591X
_g(Jan-Jun 2003), (no. 39) p. 95-108
_wBR0403952
909 _a202311
_bLúcia
_c55
_dLúcia Elande
942 _2AGRIS
_n0
_cANA
999 _c179562
_d179562